Introduction to ionospheric physics (Record no. 4422)

MARC details
000 -LEADER
fixed length control field 00596nam a2200205Ia 4500
003 - CONTROL NUMBER IDENTIFIER
control field IN-BaIIA
008 - FIXED-LENGTH DATA ELEMENTS--GENERAL INFORMATION
fixed length control field 211028s9999 xx 000 0 eng d
040 ## - CATALOGING SOURCE
Transcribing agency IIA Library
080 ## - UNIVERSAL DECIMAL CLASSIFICATION NUMBER
Universal Decimal Classification number 551.510.5
Item number RIS
100 ## - MAIN ENTRY--PERSONAL NAME
Personal name Rishbeth, Henry
9 (RLIN) 7722
245 #0 - TITLE STATEMENT
Title Introduction to ionospheric physics
Statement of responsibility, etc. Henry Rishbeth and Owen K. Garriott
260 ## - PUBLICATION, DISTRIBUTION, ETC.
Place of publication, distribution, etc. New York
Name of publisher, distributor, etc. Academic Press
Date of publication, distribution, etc. 1969
300 ## - PHYSICAL DESCRIPTION
Extent x, 331p.
490 ## - SERIES STATEMENT
Series statement International geophysics series; v. 14
650 ## - SUBJECT ADDED ENTRY--TOPICAL TERM
Topical term or geographic name entry element Ionosphere
650 ## - SUBJECT ADDED ENTRY--TOPICAL TERM
Topical term or geographic name entry element Ionospheric physics
9 (RLIN) 7723
650 ## - SUBJECT ADDED ENTRY--TOPICAL TERM
Topical term or geographic name entry element Physics
9 (RLIN) 73
700 ## - ADDED ENTRY--PERSONAL NAME
Personal name Garriott, Owen K.
9 (RLIN) 7724
942 ## - ADDED ENTRY ELEMENTS (KOHA)
Koha item type Books
Holdings
Withdrawn status Lost status Damaged status Not for loan Home library Current library Shelving location Date acquired Cost, normal purchase price Total Checkouts Total Renewals Full call number Barcode Date last seen Date last checked out Cost, replacement price Price effective from Koha item type Purchase Price
        IIA Library-Bangalore IIA Library-Bangalore General Stacks 27/06/1974 116.87 2 14 551.510.5/ RIS 4938 27/03/2023 27/03/2023 116.87 27/06/1974 Books Rs. 116.87

Powered by Koha